000 00408nam a2200145Ia 4500
008 231129s1982||||xx |||||||||||||| ||spa||
020 _a84-7166-570-0
040 _bspa
082 _aR 657.42 H293c (EN PROCESO DE DESCARTE) Ej. 1
100 _aHarper W.M.
245 0 _aContabilidad de costes
260 _c1982
264 _aMadrid EspaƱa : Edaf
942 _2ddc
_cBKS
999 _c7998
_d7998